| 000 | 00988nam0a22002291i 4500 | ||
|---|---|---|---|
| 001 | rc\3295469 | ||
| 005 | 20240723230326.0 | ||
| 021 |
_aRU _b[69-40024] |
||
| 035 | _a(NLR Aleph) 007405933 | ||
| 090 |
_a6763513 _c6763513 |
||
| 100 | _a20130115d1969 |||y0rusy50 ca | ||
| 101 | 0 | _arus | |
| 102 | _aRU | ||
| 105 | _aa d ||||| | ||
| 200 | 1 |
_aЭкономическая эффективность технического перевооружения литейного производства УССР _e(На примере литейных заводов и цехов республики) _eАвтореф. дис. на соискание учен. степени канд. экон. наук _e(594) _fХарьк. инж.-экон. ин-т |
|
| 210 |
_aХарьков _d1969 |
||
| 215 |
_a24 с. _cчерт. |
||
| 700 | 1 |
_aШтернов _bА.А. _gАлександр Алексеевич |
|
| 801 | 0 |
_aRU _bNLR _gpsbo |
|
| 801 | 1 |
_aRU _bELAR _2rusmarc |
|
| 852 |
_aNLR _j69-6/7818 |
||
| 942 | _cBOOK | ||